Statistiques concernant Les Pokémons possédant des formes régionales

Cliquez ici pour prendre le quiz!

Statistiques générales

  • Ce quiz a été pris 281 fois
    (163 depuis la dernière actualisation)
  • Le résultat moyen est 40 sur 54

Statistiques - réponses

RégionType 1Type 2Pokémon% Correct
AlolaGlaceGoupix
95%
AlolaGlaceAcierSabelette
95%
AlolaGlaceFéeFeunard
94%
AlolaGlaceAcierSablaireau
94%
AlolaRocheElectrikRacaillou
92%
AlolaRocheElectrikGrolem
91%
GalarAcierMiaouss
90%
AlolaTénèbresMiaouss
90%
AlolaRocheElectrikGravalanch
89%
AlolaTénèbresPersian
89%
AlolaElectrikPsyRaichu
87%
AlolaNormalTénèbresRattata
87%
AlolaNormalTénèbresRattatac
86%
AlolaPlanteDragonNoadkoko
83%
HisuiFeuRocheArcanin
82%
HisuiFeuRocheCaninos
82%
HisuiElectrikPlanteElectrode
80%
AlolaFeuSpectreOssatueur
80%
AlolaSolAcierTaupiqueur
80%
AlolaSolAcierTriopikeur
79%
HisuiElectrikPlanteVoltorbe
79%
AlolaPoisonTénèbresGrotadmorv
76%
AlolaPoisonTénèbresTadmorv
76%
GalarGlacePsyM. Mime
75%
GalarPoisonFéeSmogogo
74%
GalarTénèbresVolSulfura
72%
HisuiFeuSpectreTyphlosion
72%
GalarPsyVolArtikodin
71%
GalarPsyPonyta
71%
HisuiNormalSpectreZorua
71%
GalarPsyFéeGalopa
70%
GalarCombatVolÉlecthor
69%
HisuiPlanteCombatArchéduc
68%
HisuiNormalSpectreZoroark
68%
GalarPsyPoisonFlagadoss
64%
HisuiPsyVolGueriaigle
64%
GalarNormalTénèbresLinéon
64%
GalarPsyRamoloss
64%
HisuiDragonAcierMuplodocus
63%
GalarNormalTénèbresZigzaton
63%
HisuiEauTénèbresClamiral
62%
HisuiDragonAcierColimucus
62%
HisuiPlanteCombatFragilady
62%
HisuiPoisonTénèbresQwilfish
62%
HisuiPoisonCombatFarfuret
61%
GalarSolAcierLimonde
60%
GalarSpectreCorayon
59%
GalarCombatCanarticho
58%
GalarSolSpectreTutafeh
58%
GalarGlaceDarumacho
57%
HisuiGlaceRocheSéracrawl
57%
GalarPsyPoisonRoigada
56%
GalarGlaceDarumarond
55%
HisuiEauBargantua
54%

Distribution des résultats

Percentile par nombre de réponses

% des personnes avec chaque résultat

Votre développement - résultats

Vous n’avez pas pris ce quiz depuis la dernière actualisation